Most Densely Populated Countries - Statistics

General Stats
  • This quiz has been taken 21 times
  • The average score is 10 of 15
Answer Stats
Hint Answer % Correct
18000/km2 Monaco
100%
1600/km2 Vatican City
100%
8250/km2 Singapore
90%
550/km2 San Marino
85%
1165/km2 Bangladesh
80%
676/km2 Taiwan / ROC
80%
1910/km2 Bahrain
70%
1700/km2 Malta
70%
610/km2 Nauru
65%
516/km2 South Korea
65%
654/km2 Barbados
40%
1750/km2 Maldives
35%
657/km2 Mauritius
35%
535/km2 Rwanda
30%
892/km2 Palestine
15%
No matching quizzes found
Score Distribution
Percent of People with Each Score
Percentile by Number Answered
Your Score History
You have not taken this quiz